Historia del indulto y la amnistía: de los Borbones a Franco: un análisis de legislación y política
| Main Author: | |
|---|---|
| Format: | Print Book |
| Language: | Spanish |
| Published: |
Madrid
Tecnos
2022
|
| In: | Year: 2022 |
| Online Access: |
Cover Table of Contents Table of Contents Blurb |
| Availability in Tübingen: | Present in Tübingen. UB: KB 21 A 4692 |
| Check availability: | HBZ Gateway |
| Subito Delivery Service: | Order now. |
MARC
| LEADER | 00000cam a2200000 c 4500 | ||
|---|---|---|---|
| 001 | 1841626597 | ||
| 003 | DE-627 | ||
| 005 | 20251226210209.0 | ||
| 007 | tu | ||
| 008 | 230405s2022 sp ||||| 00| ||spa c | ||
| 020 | |a 9788430987306 |9 978-84-309-8730-6 | ||
| 020 | |a 8430987304 |9 84-309-8730-4 | ||
| 035 | |a (DE-627)1841626597 | ||
| 035 | |a (DE-599)KXP1841626597 | ||
| 035 | |a (OCoLC)1375008380 | ||
| 035 | |a (ZDB-21-EIL)5448131 | ||
| 040 | |a DE-627 |b ger |c DE-627 |e rda | ||
| 041 | |a spa | ||
| 044 | |c XA-ES | ||
| 050 | 0 | |a K | |
| 082 | 0 | |a 345 | |
| 084 | |a 2,1 |2 ssgn | ||
| 084 | |a 946.0"18/19" |2 udc | ||
| 084 | |a 343.293(460)"18/19" |2 udc | ||
| 100 | 1 | |a Torres Aguilar, Manuel |e VerfasserIn |0 (DE-588)1057371572 |0 (DE-627)795341962 |0 (DE-576)413489140 |4 aut | |
| 109 | |a Torres Aguilar, Manuel |a Aguilar, Manuel Torres |a Torres, Manuel |a Aguilar, Manuel |a Torres-Aguilar, Manuel | ||
| 245 | 1 | 0 | |a Historia del indulto y la amnistía: de los Borbones a Franco |b un análisis de legislación y política |c Manuel Torres Aguilar, catedrático de Historia del Derecho y de las Instituciones, Universidad de Córdoba |
| 264 | 1 | |a Madrid |b Tecnos |c 2022 | |
| 264 | 4 | |c © 2022 | |
| 300 | |a 248 Seiten |b Illustrationen |c 23 cm | ||
| 336 | |a Text |b txt |2 rdacontent | ||
| 337 | |a ohne Hilfsmittel zu benutzen |b n |2 rdamedia | ||
| 338 | |a Band |b nc |2 rdacarrier | ||
| 500 | |a Bibliografía: páginas 243-248 | ||
| 583 | 1 | |a Archivierung/Langzeitarchivierung gewährleistet |f FID |x XA-DE-BW |2 pdager |5 DE-21 | |
| 856 | 4 | 2 | |u https://www.gbv.de/dms/spk/iai/cov/1841626597.jpg |m V:DE-601 |m B:DE-204 |v 2024-10-18 |3 Cover |7 1 |
| 856 | 4 | 2 | |u https://www.gbv.de/dms/spk/iai/toc/1841626597.pdf |m V:DE-601 |m B:DE-204 |q pdf/application |v 2024-12-05 |3 Inhaltsverzeichnis |7 1 |
| 856 | 4 | 2 | |u https://swbplus.bsz-bw.de/bsz1841626597inh.htm |m V:DE-576 |m B:DE-21 |v 20251128200536 |3 Inhaltsverzeichnis |7 1 |
| 856 | 4 | 2 | |u https://swbplus.bsz-bw.de/bsz1841626597kla.htm |m V:DE-576 |m B:DE-21 |v 20251128200536 |3 Klappentext |7 1 |
| 951 | |a BO | ||
| ELC | |b 1 | ||
| LOK | |0 000 xxxxxcx a22 zn 4500 | ||
| LOK | |0 001 4748824883 | ||
| LOK | |0 003 DE-627 | ||
| LOK | |0 004 1841626597 | ||
| LOK | |0 005 20251117154708 | ||
| LOK | |0 008 250722||||||||||||||||ger||||||| | ||
| LOK | |0 040 |a DE-21 |c DE-627 |d DE-21 | ||
| LOK | |0 852 |a DE-21 | ||
| LOK | |0 852 1 |c KB 21 A 4692 |9 00 | ||
| LOK | |0 935 |a krim | ||
| LOK | |0 938 |a 2511 |f 34 | ||
| LOK | |0 939 |a 22-07-25 |b l01 | ||
| ORI | |a SA-MARC-krimdoka001.raw | ||
| SIG | |a UB: KB 21 A 4692 | ||
